Sports Quiz

Random Sports or Asia Quiz

Asian Cup 2007 line up Indonesia Quiz Stats

 Plays Quiz not verified by Sporcle

Challenge
Share
Tweet
Embed
Score 0/11 Timer 01:00
0 Plays Today
% Correct
Bambang Pamungkas
82.2%
Budi Sudarsono
77.8%
Firman Utina
71.1%
Elie Aiboy
64.4%
Ponaryo Astaman
55.6%
Yandri Pitoy
51.1%
Charis Yulianto
51.1%
Syamsul
33.3%
Ismed Sofyan
31.1%
Salampessy
24.4%
Muhammad Ridwan
22.2%

You're not logged in!

Compare scores with friends on all Sporcle quizzes.
OR
Log In

You Might Also Like...

Show Comments

Extras

Top Quizzes Today


Score Distribution

Your Account Isn't Verified!

In order to create a playlist on Sporcle, you need to verify the email address you used during registration. Go to your Sporcle Settings to finish the process.

Report this User

Report this user for behavior that violates our Community Guidelines.

Details: